Score 0/40 Timer 13:00
0 Plays Today
% Correct
Fruit
97.2%
Change One Letter: 'Perch'
96.8%
Anagrams of 'Brag'
96.3%
_____ Nuts
95.4%
Change One Letter: 'Mane'
94%
Rearrange: amny
93.5%
Synonyms for 'Clothing'
91.2%
Fighting Animals
89.4%
Gabriel Terms
88.9%
Jack Black Projects
88.5%
Rearrange: adilv
88.5%
_____ Cream
87.1%
Countries with Portuguese as the Official Language
87.1%
_____ D
86.2%
Land _____
84.3%
Medicines
84.3%
Bakery Companies
82.5%
_____ the Great
82%
Crayola Colors (16-Pack)
82%
State Capitals
81.1%
% Correct
Raphael Terms
81.1%
Bicapitalizations
81.1%
Naval Vessels
80.6%
Service Industry Professionals
79.7%
Terms Paired with 'Roll'
79.7%
In_____
79.3%
Syria Terms
78.3%
Queens
76.5%
_____ Islands
76.5%
Districts
76%
Names Paired with 'Sullivan'
75.6%
Words Pronounced Differently in the UK and the US
71.4%
Terms Paired with 'Girl' OR 'Boy'
71.4%
Strong Defense Terms
71%
Irish _____
71%
Birds
66.8%
Russian _____ (Dog|Cat Breeds)
65%
Notorious Prisons
59%
Terms Paired with 'Beast'
53.9%
Gordon _____
46.1%
Remove Ads.
Support Sporcle.
Get the best of Sporcle when you Go Orange. This ad-free experience offers more features, more stats, and more fun while also helping to support Sporcle. Thank you for becoming a member.

You're not logged in!

Compare scores with friends on all Sporcle quizzes.
OR
Log In

Show Comments

Extras

Top Quizzes Today


Score Distribution

Your Account Isn't Verified!

In order to create a playlist on Sporcle, you need to verify the email address you used during registration. Go to your Sporcle Settings to finish the process.

Report this User

Report this user for behavior that violates our Community Guidelines.

Details: